| 000 | 00453nam a2200157 4500 | ||
|---|---|---|---|
| 001 | 124013 | ||
| 003 | ES-MaACL | ||
| 005 | 20230906192309.0 | ||
| 007 | t| | ||
| 008 | 070214s1914 ag r ||||1| spa d | ||
| 100 | 1 |
_aRamm Doman, Roberto A. _995197 |
|
| 245 | 1 | 0 |
_aPolĂtica monetaria y bancaria en la Argentina / _cRoberto A. Ramm Doman. |
| 260 |
_aBuenos Aires : _bGuillermo Craft, _c1914. |
||
| 300 |
_a135 p. ; _c28 cm. |
||
| 852 |
_aES-MaACL _jD-78 |
||
| 999 |
_c124013 _d124013 |
||